| 000 | 00485nam a2200205Ia 4500 | ||
|---|---|---|---|
| 008 | 170918s9999 xx 000 0 und d | ||
| 020 | _a9780545552660 | ||
| 050 | _bR988 2013 | ||
| 100 | _aRyan, Emma | ||
| 245 | _aSurprising swimmers / | ||
| 245 | _cEmma Ryan. | ||
| 260 | _aNew York : | ||
| 260 | _bScholastic, | ||
| 260 | _c2013 | ||
| 300 | _a31 pages : | ||
| 300 | _bcolored illustration ; | ||
| 300 | _c23cm. | ||
| 440 | _aScholastic reader level 2. | ||
| 500 | _a100 | ||
| 999 |
_c342543 _d342543 |
||